Statistics for NBA 2K17 MyCareer Quiz

Click here to take the quiz!

General Stats

  • This quiz has been taken 27 times
    (23 since last reset)
  • The average score is 4 of 7

Answer Stats

Hint Answer % Correct
Your Default NicknamePres
88%
Your NBA Best FriendJustice
88%
Your High School CoachFalls
56%
Your AgentBruce
50%
Your College Best FriendAlabaster
38%
Your NBA TrainerXavier
38%
Your NBA CoachBrubaker
13%

Score Distribution

Percentile by Number Answered

Percent of People with Each Score

Your Score History

You have not taken this quiz since the last reset